000
00355nam a2200157Ia 4500
008
240830s1967 xx 000 0 und d
041
_a
mar
082
_a
1
100
_a
KULKARNI
245
_a
SARANGDARSAMHITA VOL-1
250
_a
2
260
_a
SANGALI
_b
N.D.
_c
1967
300
_a
100p
906
_a
SARANGDARSAMHITA VOL-1
999
_c
1183870
_d
1183870